| 000 | 00741nam a2200265Ia 4500 | ||
|---|---|---|---|
| 008 | 220501s2018 xx 000 0 eng d | ||
| 020 | _a9789332587106 | ||
| 082 | _a658.8 GUP-M | ||
| 100 | _aGupta, Prachi | ||
| 245 | 0 |
_aMarketing management : _bIndian cases / _cPrachi Gupta ... [et al.] |
|
| 260 |
_aNoida : _bPearson, _c2018. |
||
| 300 | _avp. ; | ||
| 650 | _aCases - Marketing - Indian | ||
| 650 | _aMarketing - cases - Indian | ||
| 700 | _aAggarwal, Ashita | ||
| 700 | _aJacob, Isaac | ||
| 700 | _aJain, Varsha | ||
| 700 | _aKrishna, G Radha | ||
| 700 | _aMajra, Hufrish | ||
| 700 | _aNarang, Ritu | ||
| 700 | _aVenkatesh, Shanthi | ||
| 700 | _aA. Paul, Suresh | ||
| 700 | _aGoswami, Susobhan | ||
| 942 |
_2ddc _cREF _033 |
||
| 999 |
_c19602 _d19602 |
||